| 000 | 00459nam a2200181Ia 4500 | ||
|---|---|---|---|
| 003 | GCL | ||
| 008 | 140319s9999 xx 000 0 ara d | ||
| 040 |
_aGCL / _cGCL |
||
| 082 | 0 | 4 |
_a813.03 _bا ذ |
| 100 | 1 | _aسعد زهران | |
| 245 | 1 | 0 |
_aذوبان الثلوج / _cسعد زهران |
| 700 | 1 | _aاهرنبورج، ايليا | |
| 490 | _a | ||
| 650 | 0 | 4 | _aالادب العربى |
| 650 | 0 | 4 | _aالادب |
| 650 | 0 | 4 | _aالقصة |
| 942 |
_2ddc _cBK |
||
| 999 |
_c39904 _d39904 |
||